K ošetrovaniu a z aspektov pestovania levandulí (Lavandula Sp.) v malofarmárskych podmienkach zameraných pre pestovania špeciálnych druhov rastlín

Poukázanie na levandule úzkolisté, ktoré sú čoraz pestovateľsky výraznejším a zároveň rastlinným zdrojom. Zdôraznenie aspektov nadväzujúcich na agrotechniku pestovania a ošetrovania v priebehu vegetačného obdobia. Zameranie sa na možnosti eliminácie rizík poškodzovania rôznymi patogénmi.

Salvato in:
Dettagli Bibliografici
Autore principale: Stričík, Michal, 1969-
Altri autori: Franková, Dominika, 1995-
Natura: Capitolo di libro
Lingua:slovacco
Soggetti:
Tags: Aggiungi Tag
Nessun Tag, puoi essere il primo ad aggiungerne!!

MARC

LEADER 00000naa$a2200000$$$4500
001 0259046
005 20240502074111.0
041 0 |a slo 
044 |a SK 
245 1 0 |a K ošetrovaniu a z aspektov pestovania levandulí (Lavandula Sp.) v malofarmárskych podmienkach zameraných pre pestovania špeciálnych druhov rastlín  |c Michal Stričík, Dominika Franková 
520 |a Poukázanie na levandule úzkolisté, ktoré sú čoraz pestovateľsky výraznejším a zároveň rastlinným zdrojom. Zdôraznenie aspektov nadväzujúcich na agrotechniku pestovania a ošetrovania v priebehu vegetačného obdobia. Zameranie sa na možnosti eliminácie rizík poškodzovania rôznymi patogénmi. 
610 2 0 |a farmy 
610 2 0 |a plodiny poľnohospodárske 
610 2 0 |a výroba rastlinná 
610 2 0 |a pôdohospodárstvo 
610 2 0 |a agrotechnika 
610 2 0 |a levandule úzkolisté 
100 1 |a Stričík, Michal, 1969- 
700 1 |a Franková, Dominika, 1995-